|
|
|
|
| LEADER |
01259nam a2200289 a 4500 |
| 001 |
31357 |
| 003 |
BD-DhAAL |
| 005 |
20190521145558.0 |
| 008 |
161003t19961961nyu 000 0 eng |
| 999 |
|
|
|c 37818
|d 37818
|
| 010 |
|
|
|a 97133393
|
| 020 |
|
|
|a 0451163087
|
| 020 |
|
|
|a 9780451163080
|
| 040 |
|
|
|a DLC
|c DLC
|d DLC
|d BD-DhAAL
|
| 050 |
0 |
0 |
|a PS3535.A547
|b A6 1996
|
| 082 |
|
|
|2 23
|a 100
|
| 100 |
1 |
|
|a Rand, Ayn.
|9 20502
|
| 245 |
1 |
0 |
|a For the new intellectual :
|b the philosophy of Ayn Rand.
|
| 260 |
|
|
|a New York :
|b Signet
|c c1961 [1963]
|
| 300 |
|
|
|a viii, 216 p. ;
|c 18 cm.
|
| 505 |
0 |
|
|a For the new intellectual -- We the living -- Anthem -- The fountainhead -- Atlas shrugged.
|
| 526 |
|
|
|a BIGD
ARC(3010033303)
|
| 541 |
|
|
|e 31357, 3010033303
|
| 650 |
|
|
|a Philosophy.
|9 20503
|
| 942 |
|
|
|2 ddc
|c BK
|
| 952 |
|
|
|0 0
|1 0
|2 ddc
|4 0
|6 100_000000000000000_RAN
|7 0
|9 59652
|a IGS
|b IGS
|c GEN
|d 2016-09-25
|e Trim Education
|g 857.00
|l 0
|o 100 RAN
|p 3010031357
|r 2016-10-01
|t 1
|v 857.00
|w 2016-09-25
|y BK
|
| 952 |
|
|
|0 0
|1 1
|2 ddc
|4 0
|6 100_000000000000000_RAN
|7 0
|9 63656
|a ARC
|b ARC
|c GEN
|d 2018-07-09
|l 0
|o 100 RAN
|p 3010033303
|r 2018-07-09
|t 1
|w 2018-07-09
|y BK
|x lost from the ARC department library and approved by the Dean (reasons personal books withdrawn by Hasibul Kabir Sir and Building shifting)
|